|
|
|
|
| LEADER |
02595nam a2200589 4500 |
| 001 |
ocn747545876 |
| 003 |
OCoLC |
| 005 |
20170124071052.8 |
| 006 |
m o d |
| 007 |
cr cn||||||||| |
| 008 |
110823s2011 gw a ob 001 0 eng d |
| 040 |
|
|
|a DG1
|b eng
|e pn
|c DG1
|d E7B
|d OCLCO
|d DEBSZ
|d OCLCQ
|d N$T
|d IDEBK
|d OCLCF
|d YDXCP
|d QCL
|d EBLCP
|d OCLCQ
|d COO
|d OCLCQ
|d DEBBG
|d GrThAP
|
| 020 |
|
|
|a 9783527635801
|q (electronic bk.)
|
| 020 |
|
|
|a 3527635807
|q (electronic bk.)
|
| 020 |
|
|
|a 9783527635788
|q (electronic bk.)
|
| 020 |
|
|
|a 3527635785
|q (electronic bk.)
|
| 020 |
|
|
|z 9783527410972
|
| 020 |
|
|
|z 352741097X
|
| 020 |
|
|
|z 9783527635771
|
| 020 |
|
|
|z 3527635777
|
| 029 |
1 |
|
|a AU@
|b 000048027035
|
| 029 |
1 |
|
|a DEBBG
|b BV041911100
|
| 029 |
1 |
|
|a DEBSZ
|b 372739210
|
| 029 |
1 |
|
|a NZ1
|b 15915916
|
| 029 |
1 |
|
|a DEBBG
|b BV043393483
|
| 035 |
|
|
|a (OCoLC)747545876
|
| 037 |
|
|
|a 10.1002/9783527635801
|b Wiley InterScience
|n http://www3.interscience.wiley.com
|
| 050 |
|
4 |
|a QA371
|b .N39 2011
|
| 072 |
|
7 |
|a MAT
|x 002030
|2 bisacsh
|
| 082 |
0 |
4 |
|a 512.944
|2 23
|
| 049 |
|
|
|a MAIN
|
| 100 |
1 |
|
|a Nayfeh, Ali Hasan,
|d 1933-
|
| 245 |
1 |
4 |
|a The method of normal forms /
|c Ali Hasan Nayfeh.
|
| 250 |
|
|
|a 2nd updated and enl. ed.
|
| 264 |
|
1 |
|a Weinheim :
|b Wiley-VCH,
|c [2011]
|
| 264 |
|
4 |
|c ©2011
|
| 300 |
|
|
|a 1 online resource (xii, 329 pages) :
|b illustrations
|
| 336 |
|
|
|a text
|b txt
|2 rdacontent
|
| 337 |
|
|
|a computer
|b c
|2 rdamedia
|
| 338 |
|
|
|a online resource
|b cr
|2 rdacarrier
|
| 505 |
0 |
|
|a SDOF Autonomous Systems -- Systems of First-Order Equations -- Maps -- Bifurcations of Continuous Systems -- Forced Oscillations of the Duffing Oscillator -- Forced Oscillations of SDOF Systems -- Parametrically Excited Systems -- MDOF Systems with Quadratic Nonlinearities -- TDOF Systems with Cubic Nonlinearities -- Systems with Quadratic and Cubic Nonlinearities -- Retarded Systems.
|
| 504 |
|
|
|a Includes bibliographical references and index.
|
| 588 |
0 |
|
|a Print version record.
|
| 650 |
|
0 |
|a Normal forms (Mathematics)
|
| 650 |
|
0 |
|a Differential equations
|x Numerical solutions.
|
| 650 |
|
7 |
|a MATHEMATICS
|x Algebra
|x Elementary.
|2 bisacsh
|
| 650 |
|
7 |
|a Differential equations
|x Numerical solutions.
|2 fast
|0 (OCoLC)fst00893451
|
| 650 |
|
7 |
|a Normal forms (Mathematics)
|2 fast
|0 (OCoLC)fst01039121
|
| 655 |
|
4 |
|a Electronic books.
|
| 776 |
0 |
8 |
|i Print version:
|a Nayfeh, Ali Hasan, 1933-
|t Method of normal forms.
|b 2nd updated and enl. ed.
|d Weinheim : Wiley-VCH, ©2011
|z 9783527410972
|w (OCoLC)747194658
|
| 856 |
4 |
0 |
|u https://doi.org/10.1002/9783527635801
|z Full Text via HEAL-Link
|
| 994 |
|
|
|a 92
|b DG1
|